Quiz o Liverpool FC - Statystyki

Ogólne statystyki
  • Ten quiz został rozwiązany 49 razy
    25 od ostatniego zresetowania
  • Średni wynik to 9 z 11
Statystyki odpowiedzi
Podpowiedź Odpowiedź % Poprawnych
Stadion drużyny Anfield
100%
Ilość wygranych Lig Mistrzów 6
89%
Obecny trener Arne Slot
89%
Klub, którego stadion dzieli 10 minut spaceru od stadionu Liverpoolu Everton
89%
Polski bramkarz, który zasłynął w konkursie rzutów karnych w finale LM przeciwko Milanowi w roku 2005 Jerzy Dudek
89%
Przydomek The Reds
89%
Ilość wygranych Lig Angielskich 20
84%
Znienawidzony rywal z sąsiedniego miasta Manchester United
74%
Motto klubu You'll never walk alone
74%
Rok założenia 1892
63%
Ptak widniejący w herbie klubu Liverbird
37%
Nie znaleziono quizów pasujących do podanych kryteriów
Rozkład punktacji
Procent ludzi z każdym wynikiem
Percentyl według liczby udzielonych odpowiedzi
Twoja historia wyników
Nie rozwiązałeś tego quizu od ostatniego zresetowania